000 00725cab a2200229 4500
001 ABS53355
008 090401t1995 xxu||||| |||| 00| 0 eng d
035 _a(Sirsi) u3715
041 _aeng
245 _aContracts bill in dispute
260 _c1995
350 _a0
490 _aBuilding
_v260(7904) 11 August 1995, 26(1)
520 _aHighlights the Law Society`s arguments against the DoE`s proposals for a fair contracts bill for construction. Counter arguments given.
650 _aCONTRACT DOCUMENTATION
650 _aFAIR CONSTRUCTION CONTRACTS
650 _aLAW SOCIETY
650 _aSTANDARD FORMS OF CONTRACT
690 _aBUILT ENVIRONMENT-BUILDING CONTRACT FORMS
942 _n0
948 _c04/03/1997
999 _c2270
_d2270